000 00501nam a2200193Ia 4500
005 20250508164113.0
008 008 250505s9999 xx 000 0 hin d
020 _a81-7055-464-0
037 _aTextual
040 _aFEDL
_beng
_cFEDL
041 _ahin
_2hin
084 _a306, DUB
_qFEDL
100 _aDube S.C.
245 0 _aSamaya aur sanskriti
260 _aNew Delhi, India
_bVani Prakashan
_c2000
300 _a186p.
942 _cTEXL
_h306, DUB
999 _c1387077
_d1387077